|
|
|
|
| LEADER |
01564nam a22004452a 4500 |
| 001 |
000258690 |
| 003 |
CZ BrMZK |
| 005 |
20240820124014.0 |
| 007 |
ta |
| 008 |
950101s1978 xr a e cze d |
| 015 |
|
|
|a cnb000416587
|
| 040 |
|
|
|a BOA001
|b cze
|
| 043 |
|
|
|a e-xr---
|b e-xr-st
|2 czenas
|
| 045 |
|
|
|a r6r6
|
| 072 |
|
7 |
|a 75
|x Malířství
|2 Konspekt
|9 21
|
| 080 |
|
|
|a 726.52
|2 MRF
|
| 080 |
|
|
|a 75(437.3)
|2 MRF
|
| 080 |
|
|
|a 75.051.033.5
|2 MRF
|
| 080 |
|
|
|a (437.312)
|2 MRF
|
| 080 |
|
|
|a (036)
|2 MRF
|
| 100 |
1 |
|
|a Dvořáková, Vlasta,
|d 1920-2005
|7 jk01030229
|
| 245 |
1 |
0 |
|a Kaple sv. Kříže na Karlštejně
|
| 250 |
|
|
|a 1. vyd.
|
| 260 |
|
|
|a Praha :
|b Odeon,
|c 1978
|
| 300 |
|
|
|a 1 nestránkovaný sv.
|
| 600 |
0 |
7 |
|a Theodorik,
|d činný 1359-1368
|7 jn99240001182
|2 czenas
|
| 610 |
2 |
7 |
|a Karlštejn (hrad).
|b Kaple sv. Kříže
|7 xx0209815
|2 czenas
|
| 648 |
|
4 |
|a 1365-1367
|
| 648 |
|
7 |
|a 14. století
|7 ch460552
|2 czenas
|
| 650 |
0 |
7 |
|a kaple
|7 ph121446
|z Česko
|y 14. století
|2 czenas
|
| 650 |
0 |
7 |
|a české malířství
|7 ph116864
|y 14. století
|2 czenas
|
| 650 |
0 |
7 |
|a gotická desková malba
|7 ph164242
|z Česko
|2 czenas
|
| 651 |
|
7 |
|a Karlštejn (Beroun, Česko)
|7 ge129537
|2 czenas
|
| 655 |
|
7 |
|a informační publikace
|7 fd132454
|2 czenas
|
| 910 |
|
|
|a BOA001
|b 4-0794.266
|b PK-N-0019.599
|
| 920 |
|
|
|a 000681351
|
| 990 |
|
|
|a BK
|
| 991 |
|
|
|b 202408
|
| 996 |
6 |
|
|b 2619882215
|c 4-0794.266
|l MZK
|r Sklad / do 1 hodiny
|n 3
|w 000258690
|u 000010
|a 1
|e BOA001
|j MZK50
|s P
|
| 996 |
7 |
|
|b 3119645609
|c PK-N-0019.599
|l MZK
|r Sklad / do 1 hodiny
|n 8
|w 000258690
|u 000020
|a 1
|e BOA001
|j MZK50
|s A
|